000 00494nam a22001577a 4500
008 151208b xxu||||| |||| 00| 0 eng d
020 _a1578010330
050 _aSPE RC 660 .W56 1999
100 _aWinter, Sandra.
_d1999.
245 _aDiabetes Nursing Care: Overview and Management
_cSandra, Winter.
250 _a4th ed.
260 _aUSA,
_bWestern Schools,
_c1999.
300 _axxi, 203p.
650 _aDiabetes-Nursing
942 _2lcc
_cBOOKS
_hSPE RC 660 .W56 1999
999 _c10695
_d10695